Podaj kraje, gdzie mówi się po francusku - Statystyki

Ogólne statystyki
  • Ten quiz został rozwiązany 1 003 razy
  • Średni wynik to 16 z 29
Statystyki odpowiedzi
Podpowiedź Odpowiedź % Poprawnych
F Francja
95%
B Belgia
81%
K Kanada
66%
D Demokratyczna Republika Konga
62%
G Gwinea
62%
K Kongo
61%
N Niger
60%
C Czad
59%
L Luksemburg
59%
S Szwajcaria
59%
M Monako
58%
V Vanuatu
58%
S Senegal
56%
M Mali
55%
H Haiti
53%
G Gabon
50%
K Kamerun
50%
W Wybrzeże Kości Słoniowej
50%
M Madagaskar
49%
R Rwanda
49%
B Benin
47%
T Togo
47%
B Burkina Faso
46%
G Gwinea Równikowa
46%
S Seszele
42%
D Dżibuti
40%
B Burundi
38%
K Komory
33%
R Republika Środkowoafrykańska
31%
Nie znaleziono quizów pasujących do podanych kryteriów
Rozkład punktacji
Procent ludzi z każdym wynikiem
Percentyl według liczby udzielonych odpowiedzi
Twoja historia wyników
Nie rozwiązałeś tego quizu